| 000 | 01018cam a2200253 a 4500 | ||
|---|---|---|---|
| 001 | 13092204 | ||
| 005 | 20260422171446.0 | ||
| 008 | 030213s2003 enka b 001 0 eng | ||
| 020 |
_a0333993462 _qpbk. |
||
| 020 |
_a9780333993460 _q(pbk.) |
||
| 050 | 0 | 0 |
_aP107 _b.T48 2003 |
| 082 | 0 | 0 |
_a400 _221 |
| 100 | 1 |
_aThompson, Neil, _d1955- |
|
| 245 | 1 | 0 |
_aCommunication and language : _ba handbook of theory and practice / _cNeil Thompson ; consultant editor, Jo Campling. |
| 260 |
_aHoundmills, Basingstoke, Hampshire ; _aNew York, N.Y. : _bPalgrave Macmillan, _c2003. |
||
| 300 |
_a201 p. : _bill. ; _c24 cm. |
||
| 650 | 0 | _aLanguage and languages. | |
| 650 | 0 | _aCommunication. | |
| 700 | 1 | _aCampling, Jo. | |
| 856 | 4 | 2 |
_3Contributor biographical information _uhttp://www.loc.gov/catdir/bios/hol053/2003042947.html |
| 856 | 4 | 2 |
_3Publisher description _uhttp://www.loc.gov/catdir/description/hol041/2003042947.html |
| 856 | 4 | 1 |
_3Table of contents _uhttp://www.loc.gov/catdir/toc/hol041/2003042947.html |
| 942 |
_2lcc _cBK _n0 |
||
| 999 |
_c9534 _d9534 |
||